00536nac a22001451u 4500020001500000082001800015090001300033100003400046245004900080260004500129650003900174942002000213999001300233952014400246 a8122414095 a005.133bK217 c447d447 aKaushik, Saroj  aLogic and prolog programming/cSaroj Kaushik aNew Delhi:bNew Age International,c2003 aProlog (computer program language) cBBk005.133K217 c447d447 00102ddc40708 aMAINbMAINcLOWd2016-05-06epurchaseg88.00l2m4o005.133 KAUp000004178r2025-07-15 00:00:00s2014-03-04v110.00yBB